• 首页
  • 本馆介绍
  • 公告通知
  • 最新文献
  • 馆藏检索
  • 电子资源
  • 读者导购
  • 参考咨询
  • 我的图书馆
  • 登录
  • 详细信息显示
  • 放入我的书架
  • 预约/预借图书
  • 作者相关作品
  • 分类相关作品
  • 丛书相关作品
  • 出版社相关作品

书目信息

  • 表格格式
  • 工作单格式
  • 卡片格式
题名:
脱贫攻坚
    
 
作者: ;中共中央组织部 , 国务院扶贫办 , 国务院扶贫办 组织编写
分册:  
出版信息: 北京   党建读物出版社  2017
页数: 323页
开本: 24cm
丛书名:
单 册:
中图分类: D229 , F126
科图分类:
主题词: 扶贫--研究--中国
电子资源:
ISBN: 978-7-5099-0867-9
000 01317nam0 2200277 450
001 012001001272
005 20140921103355.0
010    @a978-7-5099-0867-9@dCNY42.00
100    @a20170524d2017 em y0chiy50 ea
101 0  @achi
102    @aCN@b110000
105    @aa z 000yy
106    @ar
200 1  @a脱贫攻坚@9tuo pin gong jian@f中共中央组织部干部教育局,国务院扶贫办政策法规司,国务院扶贫办全国扶贫宣传教育中心组织编写
210    @a北京@c党建读物出版社@d2017
215    @a323页@c照片@d24cm
300    @a新发展理念案例选
330    @a本书共收录各省市区上报的成功案例近40个,包括综合施策脱贫、发展生产脱贫、异地搬迁脱贫、生态补偿脱贫、发展教育脱贫、社会保障兜底、抓党建促脱贫等多种途径。每个案例主要分为背景、做法和启示三部分,典型性、指导性和可读性强,文字简练、通俗易懂、图文并茂,展示了我国脱贫攻坚战中的辉煌篇章,也是广大党员干部学习贯彻中央脱贫攻坚决策部署、借鉴脱贫做法、齐心协力打赢脱贫攻坚战的生动教材。
606 0  @a扶贫@x研究@y中国
690    @aD229@v5
690    @aF126@v5
711 02 @a中共中央组织部@9zhong gong zhong yang zu zhi bu@b干部教育局@4组织编写
711 02 @a国务院扶贫办@9guo wu yuan fu pin ban@b政策法规司@4组织编写
711 02 @a国务院扶贫办@9guo wu yuan fu pin ban@b全国扶贫宣传教育中心@4组织编写
801  0 @aCN@b上海新华@c20180901
905    @b1156134-8@dD229@e205@f5
    
    脱贫攻坚/中共中央组织部干部教育局,国务院扶贫办政策法规司,国务院扶贫办全国扶贫宣传教育中心组织编写.-北京:党建读物出版社,2017
    323页:照片;24cm
    新发展理念案例选
    
    ISBN 978-7-5099-0867-9:CNY42.00
    本书共收录各省市区上报的成功案例近40个,包括综合施策脱贫、发展生产脱贫、异地搬迁脱贫、生态补偿脱贫、发展教育脱贫、社会保障兜底、抓党建促脱贫等多种途径。每个案例主要分为背景、做法和启示三部分,典型性、指导性和可读性强,文字简练、通俗易懂、图文并茂,展示了我国脱贫攻坚战中的辉煌篇章,也是广大党员干部学习贯彻中央脱贫攻坚决策部署、借鉴脱贫做法、齐心协力打赢脱贫攻坚战的生动教材。
●
相关链接 在E读中查询图书 在五车中查询图书 在当当中查询图书 在豆瓣中查询图书


正题名:脱贫攻坚     索取号:D229/205         预约/预借

序号 登录号 条形码 馆藏地/架位号 状态 备注
1 1156134   211561344   第一样本阅览室/ [索取号:D229/205] 在馆    
2 1156135   211561353   第一借阅区/ [索取号:D229/205] 在馆    
3 1156136   211561362   第一借阅区/ [索取号:D229/205] 在馆    
4 1156137   211561371   密集书库-史法系/ [索取号:D229/205] 在馆    
5 1156138   211561380   中国特色社会主义理论体系唐师研究基地/ [索取号:D229/205] 在馆    
唐山师范学院图书馆 欢迎您!
大连网信软件有限公司© 版权所有